LIBRARY & INFORMATION CENTRE, KCAET, TAVANUR

ONLINE PUBLIC ACCESS CATALOGUE (OPAC)

Rural credit scheme for India / (Record no. 2151)

MARC details
000 -LEADER
fixed length control field 00462cam a2200193ua 4500
041 ## - LANGUAGE CODE
Language code of text/sound track or separate title eng
082 ## - DEWEY DECIMAL CLASSIFICATION NUMBER
Classification number 334.01
Item number MEN/RU
100 ## - MAIN ENTRY--AUTHOR NAME
Personal name Menon, C.R.B .
245 ## - TITLE STATEMENT
Title Rural credit scheme for India /
250 ## - EDITION STATEMENT
Edition statement 1 /
260 ## - PUBLICATION, DISTRIBUTION, ETC. (IMPRINT)
Place of publication Mumbai :
Name of publisher Orient-Longman Ltd ,
Year of publication 1961.
300 ## - PHYSICAL DESCRIPTION
Number of Pages 142 ; .
942 ## - ADDED ENTRY ELEMENTS (KOHA)
Koha item type Books
Holdings
Withdrawn status Lost status Damaged status Home library Current library Date acquired Full call number Accession Number Koha item type Public note
Withdrawn     KAUAET KAUAET 07/04/2012 334.01 4898 Books Deleted
Withdrawn     KAUAET Sanskrit University 07/04/2012 334.01 4101 Books  
free website counter